Statistics for Have they collaborated?

Click here to take the quiz!

General Stats

  • This quiz has been taken 37 times
  • The average score is 12 of 19

Answer Stats

QuestionAnswer% Correct
Pharell Williams / T.I.Yes
82%
Kid Cudi / Kanye WestYes
82%
Lady Gaga / Ariana GrandeYes
79%
Cage the Elephant / 21 SavageNo
74%
Dua Lipa / blackbearNo
74%
Drake / The WeekndYes
74%
The Chainsmokers / Tame ImpalaNo
68%
Jennifer Lopez / BeyoncéNo
68%
Camila Cabello / Machine Gun KellyYes
68%
Two Door Cinema Club / Fitz and the TantrumsNo
65%
J. Cole / RihannaNo
65%
Post Malone / Justin BieberYes
62%
Flo Rida / Justin TimberlakeNo
50%
DJ Khaled / Lil Uzi VertNo
50%
Maroon 5 / FutureYes
47%
M.I.A. / Travis ScottYes
47%
Macklemore / ScHoolboy QYes
44%
Lil Baby / MigosNo
26%
Glass Animals / Denzel CurryYes
26%

Score Distribution

Percentile by Number Answered

Percent of People with Each Score

Your Score History

You have not taken this quiz